| 000 | 00798nam a2200277 a 4500 | ||
|---|---|---|---|
| 001 | 25802 | ||
| 003 | CO-ViMGA | ||
| 008 | 141112s2004 ck r 000 u spa d | ||
| 020 | _a9789584544575 | ||
| 040 |
_aCO-ViMGA _bspa _cCO-ViMGA |
||
| 041 | _aSPA | ||
| 090 | _aN COL1 | ||
| 100 | 1 |
_aCollazos, Oscar, 1942 - _92223 |
|
| 245 | 1 | 0 |
_aEn la laguna más profunda / _cÓscar Collazos |
| 250 | _a1a ed. | ||
| 260 |
_aBogotá : _bNorma, _c2012 |
||
| 300 | _a189 p. | ||
| 490 | _aZona libre | ||
| 650 | 1 | 4 |
_aAUTORES COLOMBIANOS _932 |
| 650 | 1 | 4 |
_aENFERMEDAD DE ALZHEIMER - NOVELA _939978 |
| 650 | 1 | 4 |
_aLITERATURA COLOMBIANA - SIGLO XX _92057 |
| 650 | 1 | 4 |
_aNOVELA COLOMBIANA _91193 |
| 650 | 1 | 4 |
_aRELACION ABUELA - NIETOS - NOVELA _939979 |
| 650 | 1 | 4 |
_aVEJEZ - NOVELA _929076 |
| 942 |
_2ddc _cBK |
||
| 999 |
_c5368 _d5368 |
||